Completely Wrong Geography Information - Statistics

General Stats
  • This quiz has been taken 45 times
  • The average score is 7 of 15
Answer Stats
Hint Answer % Correct
Smallest country by area Russia
92%
Smallest country by population China
71%
Largest Z country Zimbabwe
71%
Smallest ocean Pacific Ocean
68%
Largest continent Australia
63%
Largest US state Rhode Island
61%
Smallest American Country Canada
58%
Least spoken official language English
58%
Largest city Vatican City
55%
Where was the highest temperater ever recordered Antarctica
47%
Largest island Country Nauru
39%
Coldest Country Kuwait
5%
Largest Desert Carcross Desert
3%
Largest Mountain in the world Mount Wycheproof
3%
Longest river Roe River
3%
No matching quizzes found
Score Distribution
Percent of People with Each Score
Percentile by Number Answered
Your Score History
You have not taken this quiz